000 00364nam a2200157 a 4500
001 0042
005 20140414132021.0
008 040202s19uu xx 00 eng d
020 _a0-590-45884-1
050 _aTR
_bF65 1986
100 _aMcKissack, P.
245 _aFlossie and the fox.
260 _bScholastic,
_c1986.
300 _ap. ; cm.
999 _c113470
_d113470